| 000 | 00593nam a2200229 i 4500 | ||
|---|---|---|---|
| 001 | bg | ||
| 100 | 1 | _aPIETKIEWICZ, Edward | |
| 245 | 1 | 0 |
_aAsystentka menedżera / _cEdward Pietkiewicz. |
| 250 | _aWyd. 2. | ||
| 260 |
_aWarszawa : _bCentrum Informacji Menedżera, _c1998. |
||
| 300 |
_a[8], 239 s. : _bil. ; _c20 cm. |
||
| 650 | 9 | _aBiurowość | |
| 650 | 9 |
_aPraca _xkultura |
|
| 655 | _aPoradniki | ||
| 020 | _a8386210427 | ||
| 040 | _cBPK | ||
| 041 | 0 | _apol | |
| 080 | _a005.91:331-057.3:395 | ||
| 920 | _a83-86210-42-7 | ||
| 942 | _cKS | ||
| 008 | s pl f |000 0 pol | ||
| 999 |
_c53543 _d53543 |
||
| 856 |
_uhttp://koha.tu.koszalin.pl/cgi-bin/koha/opac-detail.pl?biblionumber=53543 _yKatalog online BPK |
||